|
|
|
|
| LEADER |
00000nas a22000007a 4500 |
| 001 |
ssj0012559 |
| 003 |
WaSeSS |
| 005 |
20200512172242.0 |
| 006 |
m d |
| 007 |
cr n |
| 008 |
050614c19879999ctumr p s 0 a0eng |
| 010 |
|
|
|a 2012201529
|
| 022 |
|
|
|a 2168-5746
|y 1095-8258
|
| 035 |
|
|
|a (WaSeSS)ssj0012559
|
| 040 |
|
|
|a OCLCS
|b eng
|c OCLCS
|d OCLCQ
|d DLC
|d OCLCO
|d OCLCQ
|d OCLCF
|d OCLCO
|d VT2
|d OCLCQ
|d WaSeSS
|
| 042 |
|
|
|a pcc
|a nsdp
|
| 050 |
|
4 |
|a AP2
|b .M2344
|
| 082 |
0 |
4 |
|a 051
|2 14
|
| 130 |
0 |
|
|a Fantasy & science fiction (Online)
|
| 222 |
|
0 |
|a Fantasy & science fiction
|b (Online)
|
| 245 |
1 |
0 |
|a Fantasy & science fiction
|h [electronic resource].
|
| 246 |
3 |
|
|a Fantasy and science fiction
|
| 246 |
1 |
3 |
|a Magazine of fantasy & science fiction
|
| 260 |
|
|
|a Cornwall, Conn. :
|b Mercury Press
|
| 310 |
|
|
|a Monthly
|
| 362 |
1 |
|
|a Print began with v. 73, no. 4 (Oct. 1987) in = whole no. 437.
|
| 506 |
|
|
|a License restrictions may limit access.
|
| 538 |
|
|
|a Mode of access: World Wide Web.
|
| 588 |
|
|
|a Description based on print version record.
|
| 588 |
|
|
|a Latest issue consulted: Vol. 122 [no.] 3/4 (Mar./Apr. 2012) (Proquest website, viewed July 02, 2012).
|
| 650 |
|
0 |
|a Science fiction
|v Periodicals.
|
| 650 |
|
0 |
|a Fantasy fiction
|v Periodicals.
|
| 650 |
|
7 |
|a Fantasy fiction.
|2 fast
|0 (OCoLC)fst00920710
|
| 650 |
|
7 |
|a Science fiction.
|2 fast
|0 (OCoLC)fst01108566
|
| 655 |
|
0 |
|a Electronic journals.
|
| 776 |
1 |
|
|t Fantasy & science fiction
|x 1095-8258
|w (DLC) 96659009
|w (OCoLC)18737979
|
| 780 |
0 |
0 |
|t Magazine of fantasy and science fiction
|
| 856 |
4 |
0 |
|z Full text available from Research Library: 12/01/1997 to present
|u https://search.proquest.com/publication/34965
|